El auto del pueblo : una historia global del Volkswagen Beetle /

Historia del Volkswagen (traducción de automóvil del pueblo), conocido en Alemania como Volkswagen Beetle y en México vocho. Desarrollado por la industria automotriz alemana atendiendo al interés de Hitler de ofrecer a las masas un coche pequeño y barato, el Volkswagen logró triunfar en el mundo pes...

Descrizione completa

Salvato in:
Dettagli Bibliografici
Autore principale: Rieger, Bernhard (autor)
Natura: Libro
Lingua:spagnolo
Pubblicazione: Carapachay, Argentina : Lenguaje Claro, 2018, c2018
Soggetti:
Tags: Aggiungi Tag
Nessun Tag, puoi essere il primo ad aggiungerne!!

MARC

LEADER 00000nam^a2200000^a^4500
001 000410371
005 20250521000000.0
009 20260310122045.486
020 |a 978-0-674-07573-3 
037 |a Acervo ITESO - Biblioteca 
041 |a ESP 
082 |a 338. 476292220943  |b RIE 
100 |a Rieger, Bernhard  |e (autor) 
240 1 4 |a [El auto del pueblo: una historia global del Volkswagen Beetle] 
245 1 3 |a El auto del pueblo :  |b una historia global del Volkswagen Beetle /  |c B. Rieger ; tr. por Pedro Tenner, Gabriela Tenner. 
264 4 |a Carapachay, Argentina :  |b Lenguaje Claro,  |c 2018, c2018 
300 |a 439 p. 
336 |a texto  |b txt  |2 rdacontenido 
337 |a sin mediación  |b n  |2 rdamedio 
338 |a volumen  |b nc  |2 rdasoporte 
500 |a Traducción de: The People's Car: A Global History of the Volkswagen Beetle 
520 |a Historia del Volkswagen (traducción de automóvil del pueblo), conocido en Alemania como Volkswagen Beetle y en México vocho. Desarrollado por la industria automotriz alemana atendiendo al interés de Hitler de ofrecer a las masas un coche pequeño y barato, el Volkswagen logró triunfar en el mundo pese a la derrota nazi en la Segunda Guerra Mundial. En 1978 dejó de fabricarse en Alemania y en México la producción continuó hasta el 30 de junio de 2003 cuando se produjo la llamada Ultima Edición; desde 1998 se fabrica el Volkswagen New Beetle o simplemente Beetle, reinterpretación del vocho que no comparte elementos estructurales ni mecánicos. El libro incluye la descripción técnica, el manteniendo y la información general de los modelos de 1965 a 1970. 
521 |a FIL 2018 DIA 
649 |a XX 
650 |a Industria Automotriz -  |z Alemania -  |x Historia 
650 |a Industria Pesada y de Alta Tecnología -  |z Alemania 
650 |a Empresa y Sociedad -  |z Alemania 
650 |a Volkswagen -  |x Historia -  |x Tema Principal 
650 |a Automóviles -  |z Alemania -  |x Historia 
650 |a Automóviles -  |x Historia 
650 |a Ingeniería Automotriz -  |z Alemania 
650 |a Política Industrial -  |z Alemania -  |x Historia 
650 |a Economía -  |z Alemania -  |x Historia -  |y Siglo XX 
650 |a Alemania -  |x Historia -  |y Tercer Reich, 1933-1945 
650 |a Alemania -  |x Historia -  |y Siglo XX 
650 |a Alemania -  |x Condiciones Económicas 
650 |a Historia Moderna -  |y Siglo XX 
650 |a Historia Universal 
650 |a Sociología de la Economía 
910 |a Fondo General 
920 |a Impresos - Libros 
930 |a Colección General 
905 |a 101 
901 |a 0500319109  |b IT1  |c ACC  |i C163347  |u 20250521 
902 |a https://opac.biblio.iteso.mx/vufind/Record/000410371